Statistics for 3rd century popes

Click here to take the quiz!

General Stats

  • This quiz has been taken 25 times
  • The average score is 10 of 14

Answer Stats

TermAnswer% Correct
257-258St. Sixtus II
87%
269-274St. Felix I
80%
222/223-230St. Urban I
80%
217-222/223St. Callixtus I
73%
236-250St. Fabian
73%
254-257St. Stephen I
73%
235-236St. Anterus
67%
283-296St. Caius
67%
251-253St. Cornelius
67%
259-268St. Dionysius
67%
275-283St. Eutychian
67%
296-304St. Marcellinus
60%
253-254St. Lucius I
53%
230-235St. Pontian
53%

Score Distribution

Percentile by Number Answered

Percent of People with Each Score

Your Score History

You have not taken this quiz